000 00492nab a2200145Ia 4500
003 ES-SlBCS
005 20230421090930.0
008 140529s1980 xxu||||| |||| 00| 0 eng d
041 _aeng
100 1 _aMoritz Manasse, Ernst
_9155977
245 0 2 _aA Thematic Interpretation of Plato's Apology and Crito
_c Ernst Moritz Manasse
600 0 0 _aPlatón
_d(428 o 7-348 o 7 a.C.)
_9126701
773 0 _tPhilosophy and Phenomenological Research
_gvol. 40, 1980, págs. 393-400
_wRev1411
942 _cAR
999 _c527255
_d527255